01217nam a2200193Ia 4500001001000000003001000010008004100020040002500061041002500086100001400111245011200125250001100237260009100248300001200339500026200351501011400613520026200727650003400989L235-9365IT-CnALBA170116s9999||||xx |||||||||||||| ||und|| aIT-CnALBAcIT-CnALBA aLATINO - MULTILINGUE aHISPALEN. 0aBEATIFICATIONIS ET CANONIZATIONIS SERVI DEI MARCELLI SPINOLA E MAESTRE. 1835-1906. CARDINALIS HISPALENSIS.  a1a ed. a ROMAbGUERRA GUERRIERO TIPOG. PERUGIA c1978 [1° Ed.:1978 - Ed.Ling.Originale: 1978] a837 p.  aINFORMAZIONE. ELENCO DEI TESTIMONI. DECRETO SULLA VALIDITÀ DEI PROCESSI. SOMMARIO. GIUDIZIO SUGLI SCRITTI. OBIEZIONI DEL PROMOTORE DELLA FEDE.RISPOS TA ALLE OBIEZIONI. SOMMARIO AGGIUNTO ALLA RISPOSTA. FONDATORE DELLE ANCELLE CONCEZIONISTE DEL CUORE DIVINO aSocietà San Paolo EM - Piazza San Paolo, 14 - 12051 ALBA (CN) (non commercial uses only) ® Copyright 2017 aINFORMAZIONE. ELENCO DEI TESTIMONI. DECRETO SULLA VALIDITÀ DEI PROCESSI. SOMMARIO. GIUDIZIO SUGLI SCRITTI. OBIEZIONI DEL PROMOTORE DELLA FEDE.RISPOS TA ALLE OBIEZIONI. SOMMARIO AGGIUNTO ALLA RISPOSTA. FONDATORE DELLE ANCELLE CONCEZIONISTE DEL CUORE DIVINO aMARIA SS. ANGELI SANTI DEMONI